000 00592cam a22002291a 4500
001 sa 64001919
003 DLC
005 20260227112006.0
008 950123s1961 ii 000 1 tamo
010 _asa 64001919
025 _aPL480:I-T-29
035 _a(OCoLC)31873971
040 _aDLC
_cCU
_dCU
_dDLC
042 _apremarc
050 0 0 _aPL4758.9.S4
_bA7
100 2 _aCētu Ammāḷ, Ku. Pa.
245 1 0 _aAmpikā /
_cKu. Pa. Cētu Ammāḷ..
260 _aCen̲n̲ai :
_bVān̲ati Patippakam,
_c1961.
300 _a196 p. ;
_c19 cm.
500 _aA novel.
546 _aIn Tamil.
999 _c57030
_d57030